000 00219nam a22000857a 4500
999 _c11542
_d11542
008 190618b ||||| |||| 00| 0 eng d
100 _aLewis C.S
_97252
245 _a The Sliver Chair
260 _a new york
_bThe Lion
_c1994